[Event "Sachsen-Anhalt Landesliga-B 1920"]
[Site "Sachsen Anhalt"]
[Date "2020.01.19"]
[Round "5.2"]
[White "Neukirch, Detlef"]
[Black "Burghardt, Peter"]
[Result "1/2-1/2"]
[WhiteElo "2063"]
[BlackElo "1902"]
[PlyCount "28"]
[EventDate "2019.09.29"]
[EventType "team-tourn"]
[EventRounds "9"]
[EventCountry "GER"]
[SourceTitle "EXT 2023"]
[Source "ChessBase"]
[SourceDate "2022.10.05"]
[SourceVersion "1"]
[SourceVersionDate "2022.10.05"]
[SourceQuality "1"]
[WhiteTeam "Halle USV III"]
[BlackTeam "Merseburg II"]
[WhiteTeamCountry "GER"]
[BlackTeamCountry "GER"]

1. e4 e6 2. d4 d5 3. e5 c5 4. c3 Nc6 5. Nf3 Bd7 6. Be2 cxd4 7. cxd4 Nge7 8. 0-0 a6 9. Nc3 Rc8 10. Be3 Nf5 11. Rc1 Be7 12. Bd3 Nxe3 13. fxe3 0-0 14. Qe2 f5 1/2-1/2

[Event "Oberliga Ost-B 1314"]
[Site "Germany"]
[Date "2014.04.06"]
[Round "11.7"]
[White "Neukirch, Detlef"]
[Black "Schwenkreis, Thomas"]
[Result "1/2-1/2"]
[WhiteElo "2247"]
[BlackElo "2202"]
[PlyCount "91"]
[EventDate "2013.10.13"]
[EventType "team-tourn"]
[EventRounds "11"]
[EventCountry "GER"]
[SourceTitle "EXT 2015"]
[Source "ChessBase"]
[SourceDate "2014.11.20"]
[SourceVersion "1"]
[SourceVersionDate "2014.11.20"]
[SourceQuality "1"]
[WhiteTeam "Halle"]
[BlackTeam "Frankfurt BvK"]
[WhiteTeamCountry "GER"]
[BlackTeamCountry "GER"]

1. e4 d6 2. d4 Nf6 3. Nc3 g6 4. Be3 Bg7 5. h3 c6 6. a4 Qa5 7. Qd2 b5 8. Bd3 Bb7 9. Nf3 b4 10. Ne2 c5 11. Ng3 Nbd7 12. 0-0 Rc8 13. c3 bxc3 14. bxc3 0-0 15. Rfb1 Ba6 16. Bb5 Rfd8 17. c4 Qxd2 18. Nxd2 Bxb5 19. axb5 cxd4 20. Bxd4 Nxe4 21. Bxg7 Nxd2 22. Rd1 Nb3 23. Ra3 Kxg7 24. Rxb3 Rxc4 25. Ra1 Rc7 26. Ne2 e5 27. Rba3 d5 28. Rxa7 Rxa7 29. Rxa7 d4 30. f3 Nb6 31. Rb7 Nd5 32. Nc1 Nb4 33. Nb3 Nd3 34. b6 Rd5 35. Nd2 Rb5 36. Nc4 Nc5 37. Rc7 Na6 38. Ra7 Nb8 39. Rb7 Nc6 40. Rc7 Na5 41. Nd6 Rxb6 42. Rxf7+ Kg8 43. Rd7 h6 44. h4 Kf8 45. Rf7+ Kg8 46. Rd7 1/2-1/2

[Event "MVP-ch Seniors op 13th"]
[Site "Binz"]
[Date "2013.12.05"]
[Round "9"]
[White "Neukirch, Detlef"]
[Black "Rychlik, Kurt"]
[Result "1/2-1/2"]
[WhiteElo "2082"]
[BlackElo "1899"]
[PlyCount "57"]
[EventDate "2013.11.27"]
[EventType "swiss"]
[EventRounds "9"]
[EventCountry "GER"]
[SourceTitle "EXT 2015"]
[Source "ChessBase"]
[SourceDate "2014.11.20"]
[SourceVersion "1"]
[SourceVersionDate "2014.11.20"]
[SourceQuality "1"]

1. e4 g6 2. d4 Bg7 3. Nf3 d6 4. h3 a6 5. a4 b6 6. Bc4 e6 7. Nc3 Ne7 8. Qe2 c5 9. d5 e5 10. g4 Nd7 11. Be3 Bb7 12. Rd1 h6 13. h4 Nf6 14. Nd2 Qd7 15. f3 0-0 16. Nf1 Ne8 17. Ng3 f5 18. gxf5 gxf5 19. Nh5 f4 20. Bf2 Rf7 21. Kd2 Kh7 22. Rdg1 Bh8 23. Rg2 Nf6 24. Nxf6+ Bxf6 25. Rhg1 Qh3 26. Qf1 Qd7 27. h5 Bg5 28. Rh1 Qd8 29. Qe1 1/2-1/2

[Event "MVP-ch Seniors op 13th"]
[Site "Binz"]
[Date "2013.11.28"]
[Round "2"]
[White "Neukirch, Detlef"]
[Black "Zimmermann, Manfred"]
[Result "1-0"]
[WhiteElo "2082"]
[BlackElo "1803"]
[PlyCount "91"]
[EventDate "2013.11.27"]
[EventType "swiss"]
[EventRounds "9"]
[EventCountry "GER"]
[SourceTitle "EXT 2015"]
[Source "ChessBase"]
[SourceDate "2014.11.20"]
[SourceVersion "1"]
[SourceVersionDate "2014.11.20"]
[SourceQuality "1"]

1. e4 e6 2. d4 d5 3. e5 c5 4. c3 Nc6 5. Nf3 cxd4 6. cxd4 Nge7 7. Na3 Nf5 8. Nc2 Qb6 9. g4 Nfe7 10. Bd3 Ng6 11. 0-0 Be7 12. b4 a6 13. Bd2 Bd7 14. a4 Na7 15. Qe2 0-0 16. g5 Qd8 17. Kh1 Qe8 18. b5 axb5 19. a5 Nc6 20. Rfb1 Na7 21. h4 Bd8 22. h5 Ne7 23. h6 g6 24. Nh2 Nf5 25. Ng4 Kh8 26. Nf6 Bxf6 27. exf6 Nc6 28. Bc3 Qb8 29. Bxf5 exf5 30. Qf3 Qd6 31. Bb4 Nxb4 32. Nxb4 Bc6 33. Nd3 Rfe8 34. Nc5 Qxc5 35. dxc5 d4 36. Qxc6 bxc6 37. Rd1 Red8 38. Rd3 Rd5 39. a6 Ra7 40. Re1 Rd8 41. Rxd4 Rf8 42. Re7 Rxa6 43. Rxf7 Raa8 44. Rc7 Rac8 45. Rxc8 Rxc8 46. f7 1-0

[Event "EU-chT Seniors 15th"]
[Site "Dresden"]
[Date "2013.07.27"]
[Round "8"]
[White "Neukirch, Detlef"]
[Black "Rosen, Willy"]
[Result "1/2-1/2"]
[WhiteElo "2247"]
[BlackElo "2290"]
[PlyCount "35"]
[EventDate "2013.07.20"]
[EventType "team-swiss"]
[EventRounds "9"]
[EventCountry "GER"]
[SourceTitle "CBM 155 Extra"]
[Source "ChessBase"]
[SourceDate "2013.08.26"]
[SourceVersion "1"]
[SourceVersionDate "2013.08.26"]
[SourceQuality "1"]
[WhiteTeam "Sachsen Anhalt"]
[BlackTeam "Katernberg"]
[WhiteTeamCountry "GER"]
[BlackTeamCountry "GER"]

1. e4 c5 2. c3 Nf6 3. e5 Nd5 4. d4 cxd4 5. Qxd4 e6 6. Nf3 Nc6 7. Qe4 f5 8. Qe2 Qc7 9. g3 d6 10. exd6 Bxd6 11. Bg2 0-0 12. 0-0 Nb6 13. c4 e5 14. Be3 Qe7 15. Nc3 e4 16. Nd4 Nxd4 17. Bxd4 Bc5 18. Rad1 1/2-1/2

[Event "EU-chT Seniors 15th"]
[Site "Dresden"]
[Date "2013.07.26"]
[Round "7"]
[White "Vinke, Dietmar"]
[Black "Neukirch, Detlef"]
[Result "1/2-1/2"]
[WhiteElo "2225"]
[BlackElo "2247"]
[PlyCount "23"]
[EventDate "2013.07.20"]
[EventType "team-swiss"]
[EventRounds "9"]
[EventCountry "GER"]
[SourceTitle "CBM 155 Extra"]
[Source "ChessBase"]
[SourceDate "2013.08.26"]
[SourceVersion "1"]
[SourceVersionDate "2013.08.26"]
[SourceQuality "1"]
[WhiteTeam "Finland"]
[BlackTeam "Sachsen Anhalt"]
[WhiteTeamCountry "FIN"]
[BlackTeamCountry "GER"]

1. d4 Nf6 2. Nf3 e6 3. e3 c5 4. Nbd2 b6 5. Bd3 Bb7 6. 0-0 Be7 7. b3 0-0 8. Bb2 d5 9. Qe2 Nc6 10. a3 Rc8 11. Rfd1 Qc7 12. Rac1 1/2-1/2

[Event "EU-chT Seniors 15th"]
[Site "Dresden"]
[Date "2013.07.21"]
[Round "2"]
[White "Klundt, Klaus"]
[Black "Neukirch, Detlef"]
[Result "1/2-1/2"]
[WhiteElo "2338"]
[BlackElo "2247"]
[PlyCount "57"]
[EventDate "2013.07.20"]
[EventType "team-swiss"]
[EventRounds "9"]
[EventCountry "GER"]
[SourceTitle "CBM 155 Extra"]
[Source "ChessBase"]
[SourceDate "2013.08.26"]
[SourceVersion "1"]
[SourceVersionDate "2013.08.26"]
[SourceQuality "1"]
[WhiteTeam "Hessen"]
[BlackTeam "Sachsen Anhalt"]
[WhiteTeamCountry "GER"]
[BlackTeamCountry "GER"]

1. e4 c5 2. Nf3 e6 3. d4 cxd4 4. Nxd4 a6 5. Nc3 Qc7 6. g3 Nf6 7. Bg2 Bb4 8. Nde2 0-0 9. 0-0 d6 10. h3 Nc6 11. g4 b5 12. Ng3 Bb7 13. g5 Nd7 14. f4 Bc5+ 15. Kh2 b4 16. Nce2 Ne7 17. c4 bxc3 18. Nxc3 Nb6 19. f5 d5 20. f6 Ng6 21. Qg4 Bd6 22. Nce2 dxe4 23. Kh1 e3 24. fxg7 Bxg2+ 25. Kxg2 Qb7+ 26. Qe4 Qxe4+ 27. Nxe4 Rfd8 28. Bxe3 Nc4 29. Bg1 1/2-1/2

[Event "BL2-Ost 1213"]
[Site "Germany"]
[Date "2012.12.09"]
[Round "4.8"]
[White "Neukirch, Detlef"]
[Black "Schnabel, Ralf"]
[Result "1/2-1/2"]
[WhiteElo "2240"]
[BlackElo "2235"]
[PlyCount "28"]
[EventDate "2012.10.14"]
[EventType "team-tourn"]
[EventRounds "9"]
[EventCountry "GER"]
[SourceTitle "CBM 154 Extra"]
[Source "ChessBase"]
[SourceDate "2013.06.25"]
[SourceVersion "2"]
[SourceVersionDate "2013.06.25"]
[SourceQuality "1"]
[WhiteTeam "Halle Volksbank"]
[BlackTeam "Aue Nickelhuette"]
[WhiteTeamCountry "GER"]
[BlackTeamCountry "GER"]

1. e4 Nf6 2. e5 Nd5 3. d4 Nb6 4. Nf3 d5 5. h3 Bf5 6. Bd3 Bxd3 7. Qxd3 e6 8. 0-0 c5 9. Nc3 Nc6 10. Bg5 Qd7 11. a4 h6 12. Bf4 c4 13. Qe2 Be7 14. Nd1 0-0-0 1/2-1/2

[Event "BL2-Ost 1213"]
[Site "Germany"]
[Date "2012.11.11"]
[Round "2.8"]
[White "Neukirch, Detlef"]
[Black "Ruecker, Benjamin"]
[Result "1-0"]
[WhiteElo "2240"]
[BlackElo "2227"]
[PlyCount "55"]
[EventDate "2012.10.14"]
[EventType "team-tourn"]
[EventRounds "9"]
[EventCountry "GER"]
[SourceTitle "CBM 154 Extra"]
[Source "ChessBase"]
[SourceDate "2013.06.25"]
[SourceVersion "2"]
[SourceVersionDate "2013.06.25"]
[SourceQuality "1"]
[WhiteTeam "Halle Volksbank"]
[BlackTeam "Garching"]
[WhiteTeamCountry "GER"]
[BlackTeamCountry "GER"]

1. e4 e6 2. d4 d5 3. e5 c5 4. c3 Nc6 5. Nf3 Bd7 6. Be2 f6 7. 0-0 fxe5 8. Nxe5 Nxe5 9. dxe5 Qc7 10. Re1 0-0-0 11. c4 Qxe5 12. cxd5 Bd6 13. g3 Qxd5 14. Nd2 Nf6 15. Bf3 Qd4 16. Qb3 Nd5 17. Nc4 Bc6 18. Rxe6 Bc7 19. Bg5 Rdf8 20. Re4 Rxf3 21. Qxf3 Nf6 22. Rxd4 Bxf3 23. Rd3 Be2 24. Nd6+ Kb8 25. Rd2 Bf3 26. Bf4 h6 27. Re1 Rf8 28. Ne8 1-0

[Event "GER-chT Seniors 21st"]
[Site "Berlin"]
[Date "2012.09.15"]
[Round "6.30"]
[White "Neumann, Joachim"]
[Black "Neukirch, Detlef"]
[Result "1/2-1/2"]
[WhiteElo "1996"]
[BlackElo "2101"]
[PlyCount "31"]
[EventDate "2012.09.10"]
[EventType "team-swiss"]
[EventRounds "7"]
[EventCountry "GER"]
[SourceTitle "CBM 150 Extra"]
[Source "ChessBase"]
[SourceDate "2012.10.19"]
[SourceVersion "1"]
[SourceVersionDate "2012.10.19"]
[SourceQuality "1"]
[WhiteTeam "Schleswig Holstein Seniors"]
[BlackTeam "Sachsen Anhalt Seniors"]
[WhiteTeamCountry "GER"]
[BlackTeamCountry "GER"]

1. d4 Nf6 2. Nf3 e6 3. g3 d5 4. Bg2 Be7 5. 0-0 0-0 6. c4 dxc4 7. Qc2 a6 8. Qxc4 b5 9. Qc2 Bb7 10. Bd2 Be4 11. Qc1 b4 12. Bf4 Bd6 13. a3 a5 14. Ne5 Bxg2 15. Kxg2 Qc8 16. axb4 1/2-1/2

[Event "GER-chT Seniors 21st"]
[Site "Berlin"]
[Date "2012.09.14"]
[Round "5.42"]
[White "Neukirch, Detlef"]
[Black "Hilburt, Leonid"]
[Result "1/2-1/2"]
[WhiteElo "2101"]
[BlackElo "2010"]
[PlyCount "132"]
[EventDate "2012.09.10"]
[EventType "team-swiss"]
[EventRounds "7"]
[EventCountry "GER"]
[SourceTitle "CBM 150 Extra"]
[Source "ChessBase"]
[SourceDate "2012.10.19"]
[SourceVersion "1"]
[SourceVersionDate "2012.10.19"]
[SourceQuality "1"]
[WhiteTeam "Sachsen Anhalt Seniors"]
[BlackTeam "Niedersachsen Seniors II"]
[WhiteTeamCountry "GER"]
[BlackTeamCountry "GER"]

1. e4 e5 2. Nf3 Nc6 3. Bb5 a6 4. Ba4 d6 5. Bxc6+ bxc6 6. d4 f6 7. Nc3 Ne7 8. Be3 Ng6 9. h4 h5 10. dxe5 fxe5 11. Ng5 Be7 12. g3 Bd7 13. Qe2 Qb8 14. 0-0-0 Qb7 15. Qc4 Rf8 16. Ne6 Rf7 17. Nc5 Qc8 18. Nxd7 Qxd7 19. Rdf1 Rf8 20. Bg5 Bf6 21. f4 Ke7 22. f5 Nh8 23. Qe2 Qe8 24. g4 Nf7 25. Bxf6+ gxf6 26. g5 fxg5 27. hxg5 Nxg5 28. Rxh5 Nf7 29. Rh7 Rh8 30. f6+ Kd8 31. Rfh1 Qg8 32. Rxh8 Nxh8 33. Qh5 Nf7 34. Ne2 Kc8 35. Rg1 Qf8 36. Rg7 Nd8 37. Qg6 Kb7 38. f7 Qe7 39. Ng3 d5 40. Nf5 Qf8 41. Qf6 dxe4 42. Ne7 e3 43. Ng6 Qb4 44. c3 Qe4 45. Qxe5 Qd3 46. Qxc7+ Kxc7 47. f8Q+ Kb6 48. Qb4+ Qb5 49. Qd4+ Qc5 50. Rg8 Qxd4 51. cxd4 Kb7 52. Re8 Rc8 53. Rxe3 Rc7 54. Ne7 Ka7 55. Kc2 Nb7 56. Kc3 Nd6 57. a4 Nc8 58. Nxc8+ Rxc8 59. Re7+ Kb6 60. b4 a5 61. Re6 axb4+ 62. Kxb4 Rd8 63. a5+ Kb7 64. Re7+ Ka6 65. Re4 Rd5 66. Kc4 Rxa5 1/2-1/2

[Event "BL2-Nord 1112"]
[Site "Germany"]
[Date "2012.02.26"]
[Round "7.8"]
[White "Neukirch, Detlef"]
[Black "Doberitz, Paul"]
[Result "1/2-1/2"]
[WhiteElo "2267"]
[BlackElo "2210"]
[PlyCount "69"]
[EventDate "2011.10.02"]
[EventType "team-tourn"]
[EventRounds "9"]
[EventCountry "GER"]
[SourceTitle "EXT 2015"]
[Source "ChessBase"]
[SourceDate "2014.11.20"]
[SourceVersion "1"]
[SourceVersionDate "2014.11.20"]
[SourceQuality "1"]
[WhiteTeam "Halle Volksbank"]
[BlackTeam "Hamburger SK II"]
[WhiteTeamCountry "GER"]
[BlackTeamCountry "GER"]

1. e4 c5 2. Nf3 d6 3. d4 cxd4 4. Nxd4 Nf6 5. Nc3 g6 6. Bc4 Bg7 7. h3 0-0 8. Bb3 a6 9. 0-0 b5 10. Re1 Bb7 11. Bg5 Nbd7 12. Qd2 Nc5 13. f3 Rc8 14. Rad1 Re8 15. Bh6 Qb6 16. Bxg7 Nxb3 17. axb3 Kxg7 18. Qf2 Qc5 19. Rd2 Rc7 20. Nd1 e5 21. Ne2 Qxf2+ 22. Nxf2 d5 23. exd5 Nxd5 24. Ne4 Ree7 25. c3 f5 26. Nd6 Bc6 27. c4 Nf6 28. Ra1 e4 29. f4 e3 30. Rd3 Ne4 31. Nxe4 Bxe4 32. Rxe3 bxc4 33. bxc4 Rxc4 34. Nc3 Rb7 35. Nxe4 1/2-1/2

[Event "MVP-ch Seniors op 11th"]
[Site "Binz"]
[Date "2011.12.04"]
[Round "5.4"]
[White "Schroeder, Christian"]
[Black "Neukirch, Detlef"]
[Result "0-1"]
[WhiteElo "1910"]
[BlackElo "2150"]
[PlyCount "54"]
[EventDate "2011.11.30"]
[EventType "swiss"]
[EventRounds "9"]
[EventCountry "GER"]
[SourceTitle "EXT 2013"]
[Source "ChessBase"]
[SourceDate "2012.11.22"]
[SourceVersion "1"]
[SourceVersionDate "2012.11.22"]
[SourceQuality "1"]

1. c4 e5 2. Nc3 Nf6 3. g3 Bb4 4. Bg2 0-0 5. Nf3 Nc6 6. 0-0 e4 7. Ne1 Bxc3 8. dxc3 h6 9. Nc2 d6 10. Nd4 Ne5 11. b3 Re8 12. h3 a6 13. g4 Ng6 14. g5 Nh5 15. f4 exf3 16. Nxf3 Nhf4 17. e3 Nxh3+ 18. Kh2 Nxg5 19. Nxg5 Qxg5 20. Qd5 Ne5 21. e4 Qh4+ 22. Kg1 Bh3 23. Rf2 Bxg2 24. Kxg2 Re6 25. Kf1 c6 26. Qd1 Qh1+ 27. Ke2 Qxe4+ 0-1

[Event "MVP-ch Seniors op 11th"]
[Site "Binz"]
[Date "2011.12.02"]
[Round "3.3"]
[White "Peleikis, Horst"]
[Black "Neukirch, Detlef"]
[Result "1/2-1/2"]
[WhiteElo "1946"]
[BlackElo "2150"]
[PlyCount "37"]
[EventDate "2011.11.30"]
[EventType "swiss"]
[EventRounds "9"]
[EventCountry "GER"]
[SourceTitle "EXT 2013"]
[Source "ChessBase"]
[SourceDate "2012.11.22"]
[SourceVersion "1"]
[SourceVersionDate "2012.11.22"]
[SourceQuality "1"]

1. e4 c5 2. Nf3 e6 3. d4 cxd4 4. Nxd4 a6 5. Bd3 Nf6 6. Nc3 Qc7 7. Qe2 d6 8. 0-0 Be7 9. Be3 0-0 10. f4 Nbd7 11. Rf2 b5 12. a3 Bb7 13. Re1 g6 14. Nb3 d5 15. e5 Ne4 16. Bxe4 dxe4 17. Bd4 b4 18. axb4 Bxb4 19. Nd2 1/2-1/2

[Event "MVP-ch Seniors op 11th"]
[Site "Binz"]
[Date "2011.11.30"]
[Round "1.6"]
[White "Walther, Gerd"]
[Black "Neukirch, Detlef"]
[Result "0-1"]
[WhiteElo "1747"]
[BlackElo "2150"]
[PlyCount "70"]
[EventDate "2011.11.30"]
[EventType "swiss"]
[EventRounds "9"]
[EventCountry "GER"]
[SourceTitle "EXT 2013"]
[Source "ChessBase"]
[SourceDate "2012.11.22"]
[SourceVersion "1"]
[SourceVersionDate "2012.11.22"]
[SourceQuality "1"]

1. d4 Nf6 2. Nf3 e6 3. Bg5 c5 4. e3 h6 5. Bh4 cxd4 6. exd4 b6 7. Bd3 Bb7 8. Nbd2 Be7 9. 0-0 0-0 10. c3 Nd5 11. Bxe7 Qxe7 12. Be4 d6 13. Qe1 Nf6 14. Bxb7 Qxb7 15. Nh4 Nbd7 16. f4 Rfe8 17. Qg3 Qd5 18. Qf3 Rac8 19. Qxd5 Nxd5 20. Ne4 Rc6 21. Rae1 f5 22. Nd2 N7f6 23. Re2 b5 24. g3 Kf7 25. Rfe1 Ra6 26. c4 bxc4 27. Nxc4 Ne4 28. a3 Rc6 29. Rc2 Kf6 30. Rec1 g5 31. Ng2 gxf4 32. Nxf4 Nxf4 33. gxf4 Rg8+ 34. Kh1 Rxc4 35. Rxc4 Nf2# 0-1

[Event "GER-chT Seniors 20th"]
[Site "Gladenbach"]
[Date "2011.09.15"]
[Round "5.2"]
[White "Roeder, Gerd"]
[Black "Neukirch, Detlef"]
[Result "0-1"]
[WhiteElo "2095"]
[BlackElo "2152"]
[PlyCount "122"]
[EventDate "2011.09.11"]
[EventType "team-swiss"]
[EventRounds "7"]
[EventCountry "GER"]
[SourceTitle "CBM 144 Extra"]
[Source "ChessBase"]
[SourceDate "2011.10.28"]
[SourceVersion "1"]
[SourceVersionDate "2011.10.28"]
[SourceQuality "1"]
[WhiteTeam "Bayern"]
[BlackTeam "Sachsen Anhalt"]
[WhiteTeamCountry "GER"]
[BlackTeamCountry "GER"]

1. e4 c5 2. c3 Nf6 3. e5 Nd5 4. d4 cxd4 5. cxd4 d6 6. Bc4 Nb6 7. Bb3 dxe5 8. Qh5 e6 9. dxe5 Nc6 10. Nf3 Qd3 11. Nc3 Nc4 12. Bxc4 Qxc4 13. a3 b5 14. Nd2 Qd3 15. Qf3 Qxf3 16. Nxf3 a6 17. 0-0 Bb7 18. Bf4 Be7 19. Rfd1 Rd8 20. Rxd8+ Kxd8 21. Rc1 h6 22. h3 Na5 23. Nd2 Kd7 24. b4 Nc6 25. Nce4 Nd4 26. Kf1 Rc8 27. Rxc8 Kxc8 28. Nc3 a5 29. bxa5 Bxa3 30. Be3 Nc6 31. Ke1 Ba6 32. f4 Nxa5 33. Nce4 Bb7 34. g3 Bxe4 35. Nxe4 Nc4 36. Bd4 Kc7 37. Ke2 Kc6 38. Kd3 Bb4 39. g4 Kd5 40. Ng3 Bd2 41. Ne2 b4 42. Bf2 b3 43. Bd4 Bb4 44. Bc3 Bxc3 45. Nxc3+ Kc5 46. Ne4+ Kb4 47. Nd6 Na3 48. Ne4 b2 49. Nd2 b1Q+ 50. Nxb1 Nxb1 51. f5 Nc3 52. h4 Nd5 53. Ke4 Kc5 54. g5 h5 55. g6 exf5+ 56. Kxf5 Ne7+ 57. Kg5 fxg6 58. Kf4 Kd5 59. Kg5 Ke6 60. Kf4 Nf5 61. Kg5 Nxh4 0-1

[Event "GER-chT Seniors 20th"]
[Site "Gladenbach"]
[Date "2011.09.13"]
[Round "3.2"]
[White "Neukirch, Detlef"]
[Black "Hein, Manfred"]
[Result "1/2-1/2"]
[WhiteElo "2152"]
[BlackElo "1918"]
[PlyCount "36"]
[EventDate "2011.09.11"]
[EventType "team-swiss"]
[EventRounds "7"]
[EventCountry "GER"]
[SourceTitle "CBM 144 Extra"]
[Source "ChessBase"]
[SourceDate "2011.10.28"]
[SourceVersion "1"]
[SourceVersionDate "2011.10.28"]
[SourceQuality "1"]
[WhiteTeam "Sachsen Anhalt"]
[BlackTeam "Bayern II"]
[WhiteTeamCountry "GER"]
[BlackTeamCountry "GER"]

1. e4 Nf6 2. e5 Nd5 3. d4 d6 4. c4 Nb6 5. exd6 exd6 6. Nc3 c6 7. Bd3 d5 8. c5 N6d7 9. Rb1 Be7 10. Nf3 0-0 11. 0-0 Re8 12. Bf4 Nf8 13. h3 Ng6 14. Bg3 Nd7 15. b4 b5 16. a4 a6 17. Ne5 Ndxe5 18. dxe5 Bh4 1/2-1/2

[Event "GER-chT Seniors 20th"]
[Site "Gladenbach"]
[Date "2011.09.11"]
[Round "1.2"]
[White "Neukirch, Detlef"]
[Black "Lehmann, Erwin"]
[Result "1-0"]
[WhiteElo "2152"]
[BlackElo "1905"]
[PlyCount "85"]
[EventDate "2011.09.11"]
[EventType "team-swiss"]
[EventRounds "7"]
[EventCountry "GER"]
[SourceTitle "CBM 144 Extra"]
[Source "ChessBase"]
[SourceDate "2011.10.28"]
[SourceVersion "1"]
[SourceVersionDate "2011.10.28"]
[SourceQuality "1"]
[WhiteTeam "Sachsen Anhalt"]
[BlackTeam "Schleswig Holstein II"]
[WhiteTeamCountry "GER"]
[BlackTeamCountry "GER"]

1. e4 d5 2. exd5 Qxd5 3. Nc3 Qa5 4. d4 Nf6 5. Bc4 Nc6 6. Nf3 Bg4 7. h3 Qh5 8. Bb5 0-0-0 9. Bxc6 bxc6 10. Qd3 Bxf3 11. gxf3 Kb7 12. Bf4 g6 13. 0-0-0 Bh6 14. Bxh6 Qxh6+ 15. Kb1 Qf4 16. Na4 Ka8 17. Rhe1 Qd6 18. Qa6 Nd5 19. c4 Nf4 20. Rxe7 g5 21. Re5 Qg6+ 22. Ka1 c5 23. Nxc5 Qxa6 24. Nxa6 Ne6 25. Rxe6 fxe6 26. Nxc7+ Kb8 27. Nxe6 Rc8 28. b3 Rhg8 29. d5 Rg6 30. Rd4 h6 31. Kb2 Rf6 32. Rd3 Rg8 33. Kc3 Kc8 34. Kd4 Re8 35. Ke5 Rf4 36. c5 Rh4 37. Kf6 Kd7 38. Kf7 Rc8 39. c6+ Kd6 40. Ng7 Rxh3 41. Nf5+ Kc7 42. d6+ Kxc6 43. Ne7+ 1-0

[Event "Sachsen-Anhalt-ch Seniors 19th"]
[Site "Osterburg"]
[Date "2011.06.08"]
[Round "5"]
[White "Neukirch, Detlef"]
[Black "Benne, Horst"]
[Result "1/2-1/2"]
[WhiteElo "2147"]
[BlackElo "1968"]
[PlyCount "51"]
[EventDate "2011.06.05"]
[EventType "swiss"]
[EventRounds "7"]
[EventCountry "GER"]
[SourceTitle "EXT 2013"]
[Source "ChessBase"]
[SourceDate "2012.11.22"]
[SourceVersion "1"]
[SourceVersionDate "2012.11.22"]
[SourceQuality "1"]

1. e4 c6 2. d4 d5 3. Nc3 dxe4 4. Nxe4 Nd7 5. Nf3 Ngf6 6. Ng3 e6 7. Bd3 c5 8. 0-0 cxd4 9. Nxd4 Bc5 10. Nb3 Be7 11. Qe2 0-0 12. Bd2 b6 13. Rad1 Bb7 14. c4 Qc7 15. Bc3 Rfe8 16. Nh5 g6 17. Nxf6+ Bxf6 18. Bxf6 Nxf6 19. Qe3 Red8 20. Be2 Ne8 21. Nd4 a6 22. b3 Ng7 23. Bf3 Bxf3 24. Qxf3 Rac8 25. Qe4 Rd6 26. Nf3 1/2-1/2

[Event "Sachsen-Anhalt-ch Seniors 19th"]
[Site "Osterburg"]
[Date "2011.06.07"]
[Round "3"]
[White "Neukirch, Detlef"]
[Black "Reinemann, Guenter"]
[Result "1-0"]
[WhiteElo "2147"]
[BlackElo "1846"]
[PlyCount "113"]
[EventDate "2011.06.05"]
[EventType "swiss"]
[EventRounds "7"]
[EventCountry "GER"]
[SourceTitle "EXT 2013"]
[Source "ChessBase"]
[SourceDate "2012.11.22"]
[SourceVersion "1"]
[SourceVersionDate "2012.11.22"]
[SourceQuality "1"]

1. e4 e6 2. d4 d5 3. e5 c5 4. c3 Nc6 5. Nf3 cxd4 6. cxd4 Nge7 7. Nc3 Bd7 8. Bd3 Nf5 9. Bxf5 exf5 10. Nxd5 Be6 11. Nc3 Bd5 12. Nxd5 Qxd5 13. 0-0 0-0-0 14. Qc2 g6 15. Bg5 Re8 16. Rac1 Kb8 17. a3 Be7 18. Bxe7 Rxe7 19. Qa4 h6 20. Rc5 Qd7 21. Qc4 g5 22. Rd5 Qc8 23. Rc1 g4 24. Ne1 f4 25. Nd3 g3 26. Nxf4 gxh2+ 27. Kxh2 Qg4 28. g3 h5 29. Qe2 Qg7 30. Kg2 h4 31. Rc3 Qh6 32. Nh3 hxg3 33. Rxg3 Qc1 34. Rc5 Qb1 35. Rg4 Re6 36. Qc2 Qe1 37. Qe4 Qa1 38. Rh4 Rg6+ 39. Qxg6 fxg6 40. Rxh8+ Kc7 41. d5 Qb1 42. dxc6 bxc6 43. b4 Qe4+ 44. Kh2 g5 45. Rf8 Qh4 46. f3 Kb6 47. Rb8+ Kc7 48. Rg8 Kb6 49. Rxg5 Qd4 50. Rg6 Qb2+ 51. Kg3 Qxa3 52. Rgxc6+ Kb7 53. b5 Qe3 54. e6 Qe1+ 55. Kg2 Qd2+ 56. Nf2 Qd8 57. Ne4 1-0

[Event "Sachsen-Anhalt-ch Seniors 19th"]
[Site "Osterburg"]
[Date "2011.06.05"]
[Round "1"]
[White "Neukirch, Detlef"]
[Black "Reimann, Hubert"]
[Result "1-0"]
[WhiteElo "2147"]
[BlackElo "1833"]
[PlyCount "69"]
[EventDate "2011.06.05"]
[EventType "swiss"]
[EventRounds "7"]
[EventCountry "GER"]
[SourceTitle "EXT 2013"]
[Source "ChessBase"]
[SourceDate "2012.11.22"]
[SourceVersion "1"]
[SourceVersionDate "2012.11.22"]
[SourceQuality "1"]

1. e4 c5 2. Nf3 d6 3. d4 cxd4 4. Nxd4 Nf6 5. Nc3 a6 6. Be2 e5 7. Nb3 Be7 8. 0-0 0-0 9. a4 b6 10. Be3 Bb7 11. Bf3 Nbd7 12. Qe2 Qc7 13. Rfd1 Rac8 14. g4 Rfd8 15. g5 Ne8 16. Bg4 g6 17. h4 Ng7 18. Rac1 f5 19. gxf6 Bxf6 20. Qd3 h5 21. Bh3 Ne8 22. Nd5 Bxd5 23. exd5 Kg7 24. c4 Bxh4 25. Kh2 Nef6 26. Rg1 e4 27. Qe2 Ne5 28. Nd4 Nf3+ 29. Nxf3 exf3 30. Qxf3 Rf8 31. Qg2 Ng4+ 32. Bxg4 hxg4 33. Qxg4 Qf7 34. Qxh4 Rg8 35. Bh6+ 1-0

[Event "Sachsen-Anhalt-ch Seniors 18th"]
[Site "Osterburg"]
[Date "2010.06.11"]
[Round "7"]
[White "Neukirch, Detlef"]
[Black "Just, Joachim"]
[Result "1/2-1/2"]
[WhiteElo "2275"]
[BlackElo "2021"]
[PlyCount "22"]
[EventDate "2010.06.06"]
[EventType "swiss"]
[EventRounds "7"]
[EventCountry "GER"]
[SourceTitle "EXT 2013"]
[Source "ChessBase"]
[SourceDate "2012.11.22"]
[SourceVersion "1"]
[SourceVersionDate "2012.11.22"]
[SourceQuality "1"]

1. e4 g6 2. d4 Bg7 3. Nc3 c6 4. Nf3 d5 5. h3 dxe4 6. Nxe4 Nd7 7. Bc4 Nb6 8. Bb3 Nf6 9. Nxf6+ exf6 10. 0-0 0-0 11. Re1 Re8 1/2-1/2